000 00205nam a2200097Ia 4500
008 240331s9999 xx 000 0 und d
082 _bTHA
100 _aThanges,P
245 0 _aParamsothy thanges
942 _cL
999 _c4614
_d4614